000 00325nam a2200133Ia 4500
008 210210b1986 xxu||||| |||| 00| 0 eng d
082 _a820.33 NARM
100 _aNARAYAN (R K).
245 _aMalgudi days I.
260 _aMadras
_bDiocesan Press
_c1986
300 _a132
690 _aIndian English Fiction
906 _a039760
999 _c89883
_d89883